Les participant du zevent 2025. - Statistiques

Statistiques générales
  • Ce quiz a été pris 106 fois
  • Le résultat moyen est 26 sur 47
Statistiques - réponses
Première lettre streamer/youtuber % Correct
Z Zerator
96%
A Antoinedaniel
88%
M Mastu
82%
B Baghera
81%
D Domingo
81%
J Joueur du grenier
79%
E Etoiles
76%
J Joyca
76%
S Samueletienne
76%
N Nico
74%
A Angledroit
73%
U Ultia
72%
H Helydia
71%
P Ponce
71%
F Flamby
65%
H Hortyunderscore
65%
R Rivenzi
63%
B Byilhan
59%
L Littlebigwhale
58%
M Moman
56%
M Mistermv
54%
J Jiraya
53%
D Doigby
51%
A Avamind
50%
T Theodort
50%
A Alphacast
49%
S Sylvainlyve
49%
D Damdam
47%
E Enjoyphoenix
47%
G Gom4rt
45%
J Jltomy
44%
C Clemovitch
41%
S Sakor
41%
S Sundae
41%
L Lapi
40%
D Drfeelgood
38%
K Kennystream
38%
P Pressea
38%
T Thegreatreview
38%
Z Zacknani
38%
G Gius
37%
T Theguill84
35%
S Shisheyu
32%
C Chowh
29%
C Crocodyle
26%
M M4fgaming
26%
M Mythos
10%
Aucun quiz correspondant
Distribution des résultats
% des personnes avec chaque résultat
Percentile par nombre de réponses
Votre historique - résultats
Vous n’avez pas pris ce quiz